Populismo (Registro nro. 314469)

Detalles MARC
000 -ENCABEZADO
Número de control [NR] 01000nam a2200289 c 4500
001 - NÚMERO DE CONTROL
control field a6449668
003 - IDENTIFICADOR DE CONTROL NÚMERO
control field Co-BoUCM
005 - FECHA Y HORA DE LA ÚLTIMA TRANSACCIÓN
control field 20190809104830.0
008 - DE LONGITUD FIJA DE DATOS DE ELEMENTOS - INFORMACIÓN GENERAL
Elementos de longitud fija [NR] 190809s2019 sp | |||| 001 0 spa
015 ## - NUMERO DE BIBLIOGRAFIA NACIONAL [R]
Número de bibliografía nacional [R] MON1906
017 ## - NUMERO DEL REGISTRO DE DERECHOS DE AUTOR O DEL DEPOSITO LEGAL [R]
Número de registro de derechos de autor (“copyright”) [R] M 293-2019
Agencia que asigna el número [NR] Oficina Depósito Legal Madrid
020 ## - NUMERO INTERNACIONAL NORMALIZADO PARA LIBROS [R]
Número Internacional Normalizado del libro [NR] 9788491813965
040 ## - FUENTE DE CATALOGACION [NR]
Agencia de catalogación original [NR] CO-BoUCM
Idioma de catalogación [NR] spa
Quien Cataloga Saul Niño
Quien Clasifica Saul Niño
041 1# - CODIGO DE IDIOMA [R]
Código de idioma para texto/pista de sonido o título separado [R] Español
Language code of original and/or intermediate translations of text eng
100 1# - ASIENTO PRINCIPAL--NOMBRE PERSONAL [NR]
Nombre personal [NR] Mudde, Cas
Fechas asociadas con el nombre [NR] 1967-
ID Autoridad 97997
245 10 - MENCION DE TITULO [NR]
Título [NR] Populismo
Parte restante del título [NR] una breve introducción
Mención de responsabilidad, etc. [NR] Cas Mudde y Cristóbal Rovira Kaltwasser ; traducción María Enguix Tercero
260 ## - PUBLICACION, DISTRIBUCION, ETC. (PIE DE IMPRENTA) [R]
Lugar de publicación, distribución, etc. [R] Madrid
Nombre del editor, distribuidor, etc. [R] Alianza editorial
Fecha de publicación, distribución, etc. [R] 2019
300 ## - DESCRIPCION FISICA [R]
Extensión [R] 212 páginas
490 0# - MENCION DE SERIE [R]
Mención de serie [R] El libro de bolsillo. Ciencias sociales
Designación numérica/secuencial del volumen [NR] CS85
650 #7 - ASIENTO SECUNDARIO DE MATERIA - TERMINO TEMATICO [R]
Término temático o nombre geográfico como elemento de entrada [NR] Populismo
9 (RLIN) 22091
650 #7 - ASIENTO SECUNDARIO DE MATERIA - TERMINO TEMATICO [R]
Término temático o nombre geográfico como elemento de entrada [NR] Ciencia política
9 (RLIN) 340
700 1# - ASIENTO SECUNDARIO - NOMBRE PERSONAL [R]
Nombre personal [NR] Rovira Kaltwasser, Cristóbal
Fechas asociadas con el nombre [NR] 1978-
9 (RLIN) 97998
700 1# - ASIENTO SECUNDARIO - NOMBRE PERSONAL [R]
Nombre personal [NR] Enguix Tercero, María
Término de relación [R] traductor
9 (RLIN) 97999
765 ## - ASIENTO DE IDIOMA ORIGINAL [R]
Título [NR] Populism
942 ## - ELEMENTOS DE ENTRADA AGREGADOS (KOHA)
Sistema de clasificación DEWEY
Tema principal Ciencia política
Tipo de ítem principal el descrito en 300a Libro
Edición 1
Clasificación 320.5315
Parte restante de la signatura top. M943p
Existencias
Fecha de último préstamo Total préstamos Total Renewals Signatura topográfica Código de barras Última vez visto Ejemplar Costo de reposición Price effective from Tipo de ítem Perdido Sistema de clasificación Dañado No prestable Tipo de ítem específico Suprimido Ubicación habitual Ubicación actual Localización Fecha de creación Proveedor Forma de adquisición Costo
      320.5315 M943p 100162678 05/06/2024 Ej.2 69000.00 08/08/2019 Libro   DEWEY     Libro   Bodega Bodega 3er piso 08/08/2019 111 Compra 69000.00
13/02/2026 3 2 320.5315 M943p 100162677 09/06/2026 Ej.1 69000.00 08/08/2019 Libro   DEWEY     Libro   Claustro Claustro 3er piso 08/08/2019 111 Compra 69000.00